Hardening fault lines: CESEE in the age of fragmentation (Record no. 9149)
[ view plain ]
| 000 -LEADER | |
|---|---|
| fixed length control field | 03446nam a22012017u 4500 |
| 001 - CONTROL NUMBER | |
| control field | pwiiw7425 |
| 003 - CONTROL NUMBER IDENTIFIER | |
| control field | OSt |
| 005 - DATE AND TIME OF LATEST TRANSACTION | |
| control field | 20260516120044.0 |
| 008 - FIXED-LENGTH DATA ELEMENTS--GENERAL INFORMATION | |
| fixed length control field | 251022t2025 au ||||| |||| 00| ||eng d |
| 020 ## - INTERNATIONAL STANDARD BOOK NUMBER | |
| International Standard Book Number | ISBN 9783852090825 |
| 040 ## - CATALOGING SOURCE | |
| Transcribing agency | OSt |
| 041 ## - LANGUAGE CODE | |
| Language code of text/sound track or separate title | eng |
| 084 ## - OTHER CLASSIFICATION NUMBER | |
| Classification number | E20 |
| -- | E21 |
| -- | E22 |
| -- | E24 |
| -- | E32 |
| -- | E5 |
| -- | E62 |
| -- | F21 |
| -- | F31 |
| -- | H60 |
| -- | I18 |
| -- | J20 |
| -- | J30 |
| -- | O47 |
| -- | O52 |
| -- | O57 |
| -- | P24 |
| -- | P27 |
| -- | P33 |
| -- | P52 |
| Number source | jelc |
| 100 1# - MAIN ENTRY--PERSONAL NAME | |
| Personal name | Astrov, Vasily |
| 245 10 - TITLE STATEMENT | |
| Title | Hardening fault lines: CESEE in the age of fragmentation |
| 260 ## - PUBLICATION, DISTRIBUTION, ETC. | |
| Place of publication, distribution, etc. | Wien : |
| Name of publisher, distributor, etc. | Wiener Institut für Internationale Wirtschaftsvergleiche (wiiw), |
| Date of publication, distribution, etc. | 2025. |
| 300 ## - PHYSICAL DESCRIPTION | |
| Extent | 146 S., |
| Other physical details | 30 Tables and 42 Figures, |
| Dimensions | 30cm. |
| 490 1# - SERIES STATEMENT | |
| Series statement | wiiw Forecast Reports |
| Volume/sequential designation | Autumn 2025 |
| 520 ## - SUMMARY, ETC. | |
| Summary, etc. | CESEE stands at a crucial turning point, as labour shortages, the inflation shock and geopolitical developments potentially force a shift from a low-wage, export-driven model toward one based on investment, innovation and higher productivity.<br/> |
| 650 ## - SUBJECT ADDED ENTRY--TOPICAL TERM | |
| Topical term or geographic name entry element | CESEE Central and Eastern Europe |
| 650 ## - SUBJECT ADDED ENTRY--TOPICAL TERM | |
| Topical term or geographic name entry element | economic forecast |
| 650 ## - SUBJECT ADDED ENTRY--TOPICAL TERM | |
| Topical term or geographic name entry element | Western Balkans |
| 650 ## - SUBJECT ADDED ENTRY--TOPICAL TERM | |
| Topical term or geographic name entry element | CIS |
| 650 ## - SUBJECT ADDED ENTRY--TOPICAL TERM | |
| Topical term or geographic name entry element | Ukraine |
| 650 ## - SUBJECT ADDED ENTRY--TOPICAL TERM | |
| Topical term or geographic name entry element | Russia |
| 650 ## - SUBJECT ADDED ENTRY--TOPICAL TERM | |
| Topical term or geographic name entry element | Turkey |
| 650 ## - SUBJECT ADDED ENTRY--TOPICAL TERM | |
| Topical term or geographic name entry element | EU |
| 650 ## - SUBJECT ADDED ENTRY--TOPICAL TERM | |
| Topical term or geographic name entry element | business cycle |
| 650 ## - SUBJECT ADDED ENTRY--TOPICAL TERM | |
| Topical term or geographic name entry element | economic sentiment |
| 650 ## - SUBJECT ADDED ENTRY--TOPICAL TERM | |
| Topical term or geographic name entry element | euro area |
| 650 ## - SUBJECT ADDED ENTRY--TOPICAL TERM | |
| Topical term or geographic name entry element | convergence |
| 650 ## - SUBJECT ADDED ENTRY--TOPICAL TERM | |
| Topical term or geographic name entry element | labour markets |
| 650 ## - SUBJECT ADDED ENTRY--TOPICAL TERM | |
| Topical term or geographic name entry element | unemployment |
| 650 ## - SUBJECT ADDED ENTRY--TOPICAL TERM | |
| Topical term or geographic name entry element | Russia-Ukraine war |
| 650 ## - SUBJECT ADDED ENTRY--TOPICAL TERM | |
| Topical term or geographic name entry element | commodity prices |
| 650 ## - SUBJECT ADDED ENTRY--TOPICAL TERM | |
| Topical term or geographic name entry element | inflation |
| 650 ## - SUBJECT ADDED ENTRY--TOPICAL TERM | |
| Topical term or geographic name entry element | price controls |
| 650 ## - SUBJECT ADDED ENTRY--TOPICAL TERM | |
| Topical term or geographic name entry element | trade disruptions |
| 650 ## - SUBJECT ADDED ENTRY--TOPICAL TERM | |
| Topical term or geographic name entry element | renewable energy |
| 650 ## - SUBJECT ADDED ENTRY--TOPICAL TERM | |
| Topical term or geographic name entry element | gas |
| 650 ## - SUBJECT ADDED ENTRY--TOPICAL TERM | |
| Topical term or geographic name entry element | electricity |
| 650 ## - SUBJECT ADDED ENTRY--TOPICAL TERM | |
| Topical term or geographic name entry element | monetary policy |
| 650 ## - SUBJECT ADDED ENTRY--TOPICAL TERM | |
| Topical term or geographic name entry element | fiscal policy |
| 651 ## - SUBJECT ADDED ENTRY--GEOGRAPHIC NAME | |
| Geographic name | Albania |
| 651 ## - SUBJECT ADDED ENTRY--GEOGRAPHIC NAME | |
| Geographic name | Austria |
| 651 ## - SUBJECT ADDED ENTRY--GEOGRAPHIC NAME | |
| Geographic name | Belarus |
| 651 ## - SUBJECT ADDED ENTRY--GEOGRAPHIC NAME | |
| Geographic name | Bosnia and Herzegovina |
| 651 ## - SUBJECT ADDED ENTRY--GEOGRAPHIC NAME | |
| Geographic name | Bulgaria |
| 651 ## - SUBJECT ADDED ENTRY--GEOGRAPHIC NAME | |
| Geographic name | Central and East Europe |
| 651 ## - SUBJECT ADDED ENTRY--GEOGRAPHIC NAME | |
| Geographic name | CESEE |
| 651 ## - SUBJECT ADDED ENTRY--GEOGRAPHIC NAME | |
| Geographic name | CIS |
| 651 ## - SUBJECT ADDED ENTRY--GEOGRAPHIC NAME | |
| Geographic name | Croatia |
| 651 ## - SUBJECT ADDED ENTRY--GEOGRAPHIC NAME | |
| Geographic name | Czechia |
| 651 ## - SUBJECT ADDED ENTRY--GEOGRAPHIC NAME | |
| Geographic name | Estonia |
| 651 ## - SUBJECT ADDED ENTRY--GEOGRAPHIC NAME | |
| Geographic name | Euro Area |
| 651 ## - SUBJECT ADDED ENTRY--GEOGRAPHIC NAME | |
| Geographic name | European Union |
| 651 ## - SUBJECT ADDED ENTRY--GEOGRAPHIC NAME | |
| Geographic name | Hungary |
| 651 ## - SUBJECT ADDED ENTRY--GEOGRAPHIC NAME | |
| Geographic name | Kazakhstan |
| 651 ## - SUBJECT ADDED ENTRY--GEOGRAPHIC NAME | |
| Geographic name | Kosovo |
| 651 ## - SUBJECT ADDED ENTRY--GEOGRAPHIC NAME | |
| Geographic name | Latvia |
| 651 ## - SUBJECT ADDED ENTRY--GEOGRAPHIC NAME | |
| Geographic name | Lithuania |
| 651 ## - SUBJECT ADDED ENTRY--GEOGRAPHIC NAME | |
| Geographic name | Moldova |
| 651 ## - SUBJECT ADDED ENTRY--GEOGRAPHIC NAME | |
| Geographic name | Montenegro |
| 651 ## - SUBJECT ADDED ENTRY--GEOGRAPHIC NAME | |
| Geographic name | North Macedonia |
| 651 ## - SUBJECT ADDED ENTRY--GEOGRAPHIC NAME | |
| Geographic name | Poland |
| 651 ## - SUBJECT ADDED ENTRY--GEOGRAPHIC NAME | |
| Geographic name | Romania |
| 651 ## - SUBJECT ADDED ENTRY--GEOGRAPHIC NAME | |
| Geographic name | Russia |
| 651 ## - SUBJECT ADDED ENTRY--GEOGRAPHIC NAME | |
| Geographic name | Serbia |
| 651 ## - SUBJECT ADDED ENTRY--GEOGRAPHIC NAME | |
| Geographic name | Slovakia |
| 651 ## - SUBJECT ADDED ENTRY--GEOGRAPHIC NAME | |
| Geographic name | Slovenia |
| 651 ## - SUBJECT ADDED ENTRY--GEOGRAPHIC NAME | |
| Geographic name | Southeast Europe |
| 651 ## - SUBJECT ADDED ENTRY--GEOGRAPHIC NAME | |
| Geographic name | Turkey |
| 651 ## - SUBJECT ADDED ENTRY--GEOGRAPHIC NAME | |
| Geographic name | Ukraine |
| 651 ## - SUBJECT ADDED ENTRY--GEOGRAPHIC NAME | |
| Geographic name | US |
| 651 ## - SUBJECT ADDED ENTRY--GEOGRAPHIC NAME | |
| Geographic name | Western Balkans |
| 690 ## - LOCAL SUBJECT ADDED ENTRY--TOPICAL TERM (OCLC, RLIN) | |
| Topical term or geographic name as entry element | Macroeconomic Analysis and Policy |
| 690 ## - LOCAL SUBJECT ADDED ENTRY--TOPICAL TERM (OCLC, RLIN) | |
| Topical term or geographic name as entry element | International Trade, Competitiveness and FDI |
| 700 1# - ADDED ENTRY--PERSONAL NAME | |
| Personal name | Bykova, Alexandra |
| 700 1# - ADDED ENTRY--PERSONAL NAME | |
| Personal name | Duraković, Selena |
| 700 1# - ADDED ENTRY--PERSONAL NAME | |
| Personal name | Gökten, Meryem |
| 700 1# - ADDED ENTRY--PERSONAL NAME | |
| Personal name | Grieveson, Richard |
| 700 1# - ADDED ENTRY--PERSONAL NAME | |
| Personal name | Grodzicki, Maciej |
| 700 1# - ADDED ENTRY--PERSONAL NAME | |
| Personal name | Gutzianas, Ioannis |
| 700 1# - ADDED ENTRY--PERSONAL NAME | |
| Personal name | Hanzl-Weiss, Doris |
| 700 1# - ADDED ENTRY--PERSONAL NAME | |
| Personal name | How, Marcus |
| 700 1# - ADDED ENTRY--PERSONAL NAME | |
| Personal name | Hunya, Gabor |
| 9 (RLIN) | 6 |
| 700 1# - ADDED ENTRY--PERSONAL NAME | |
| Personal name | Jovanović, Branimir |
| 700 1# - ADDED ENTRY--PERSONAL NAME | |
| Personal name | Korpar, Niko |
| 700 1# - ADDED ENTRY--PERSONAL NAME | |
| Personal name | Kruk, Dzmitry |
| 700 1# - ADDED ENTRY--PERSONAL NAME | |
| Personal name | Leitner, Sebastian |
| 700 1# - ADDED ENTRY--PERSONAL NAME | |
| Personal name | Locatelli, Benedetta |
| 700 1# - ADDED ENTRY--PERSONAL NAME | |
| Personal name | Mara, Isilda |
| 700 1# - ADDED ENTRY--PERSONAL NAME | |
| Personal name | Penkova-Pearson, Emilia |
| 700 1# - ADDED ENTRY--PERSONAL NAME | |
| Personal name | Pindyuk, Olga |
| 700 1# - ADDED ENTRY--PERSONAL NAME | |
| Personal name | Richter, Sandor |
| 700 1# - ADDED ENTRY--PERSONAL NAME | |
| Personal name | Sošić, Marko |
| 700 1# - ADDED ENTRY--PERSONAL NAME | |
| Personal name | Ströhm, Bernd Christoph |
| 700 1# - ADDED ENTRY--PERSONAL NAME | |
| Personal name | Tverdostup, Marina |
| 700 1# - ADDED ENTRY--PERSONAL NAME | |
| Personal name | Rehak, Sara |
| 830 #0 - SERIES ADDED ENTRY--UNIFORM TITLE | |
| Volume/sequential designation | Autumn 2025 |
| Bibliographic record control number | WIIW0000046 |
| Title of a work | wiiw Forecast Reports |
| 856 40 - ELECTRONIC LOCATION AND ACCESS | |
| Uniform Resource Identifier | <a href="https://wiiw.ac.at/p-7425.html">https://wiiw.ac.at/p-7425.html</a> |
| 942 ## - ADDED ENTRY ELEMENTS (KOHA) | |
| Koha item type | Paper |
| Withdrawn status | Lost status | Damaged status | Not for loan | Home library | Current library | Shelving location | Date acquired | Serial Enumeration / chronology | Inventory number | Total Checkouts | Full call number | Barcode | Date last seen | Price effective from | Koha item type |
|---|---|---|---|---|---|---|---|---|---|---|---|---|---|---|---|
| WIIW | WIIW | Library | 10/22/2025 | Autumn 2025 | pwiiw7425 | 7.715/Autumn 2025 | 1000010007425 | 10/22/2025 | 10/22/2025 | Paper |
